Kinh tế vĩ mô phân tích

Saved in:
Bibliographic Details
Main Author: Phạm Chung
Other Authors: Trần Văn Hùng
Format: Book
Language:Vietnamese
Published: Đại học Quốc gia Tp.HCM 2002
Tags: Add Tag
No Tags, Be the first to tag this record!
Institutions: Mạng thư viện Đại học Đà Nẵng
LEADER 00677nam a2200265 4500
001 000020474
003 16920
005 20150319160335.0
008 150319s2002 viesd
020 |c 45000 
041 0 |a vie 
082 1 4 |a 339  |b PH-C 
100 1 |a Phạm Chung 
245 1 0 |a Kinh tế vĩ mô phân tích  |c Phạm Chung, Trần Văn Hùng. 
260 |b Đại học Quốc gia Tp.HCM  |c 2002 
300 |a tr.  |c cm. 
700 1 |a Trần Văn Hùng 
OWN |a LSP 
999 |a From the UDN01 
TYP |a Monograph 
TYP |a Printed language 
980 |a Mạng thư viện Đại học Đà Nẵng